000 01308nam0a22003131 4500
001 v19\rc\1465204
005 20060620110551.5
035 _a(NLR Aleph) 004685611
090 _a3866335
_c3866335
100 _a20060620d1875 |||y0rusy50 ca
101 0 _arus
102 _aRU
105 _ay z |||a|
200 1 _aКоролева баррикад
_eУбийство герцога де Гиз
_eИст. роман
_fСоч. Понсон де Террайль
210 _aМосква
_cЗемский
_d1875
215 _a390 с.
_d22
327 1 _aСодерж.: Ч. 1. Убийство герцога де Гиз. Ч. 2. Убийца и два короля
464 0 _12001#$aУбийство герцога де Гиз$aУбийца и два короля
700 1 _6z01790
_aПонсон дю Террайль
_bП. А.
_f1829-1871
_gПьер Алексис
702 1 _aГиз
_bГ. де
_dI
_f1550-1588
_gГенрих де
_4570
790 1 _6z01700
_aПонсон де Террайль
_bП. А.
_f1829-1871
_gПьер Алексис
790 1 _6z01700
_aТеррайль
_bП. А.
_f1829-1871
_gПьер Алексис
801 0 _aRU
_bNLR
_gpsbo
801 0 _aRU
_bRuMoRGB
_2psbo
801 1 _aRU
_bProSoft-M
_2rusmarc
852 _aNLR
_j18.236.6.21
942 _cBOOK
980 _aMONB
980 _aNB